000 005280000a22001930004500
001 004383
003 MACL
005 20150802153908.0
008 150802b xxu||||| |||| 00| 0 eng d
040 _aMACL
_cMACL
041 _aEnglish
082 _a385.375/VAI
100 _aVaidyanathan, K.R.
_94403
245 _a150 Glorious Years Of Indian Railways
_cK.R. Vaidyanathan
260 _aMumbai
_c2000
_bEnglish Edition Publishers & Distributers,
350 _a250
650 _aRailRoadTransport
_94393
942 _k385
_cBK
_2ddc
999 _c16274
_d16274